Statistics for Greatest NBA Players Of All Time

Click here to take the quiz!

General Stats

  • This quiz has been taken 13 times
  • The average score is 15 of 16

Answer Stats

Answer% Correct
Dirk Nowitzki
100%
Hakeem Olajuwon
100%
Kareem Abdul Jabbar
100%
Kobe Bryant
100%
Larry Bird
100%
Lebron James
100%
Magic Johnson
100%
Michael Jordan
100%
Steph Curry
100%
Tim Duncan
100%
Wilt Chamberlain
100%
Kevin Durant
92%
Shaq
92%
Bill Rusell
83%
Kevin Garnett
83%
Oscar Robertson
83%

Score Distribution

Percentile by Number Answered

Percent of People with Each Score

Your Score History

You have not taken this quiz